Known turf : (Record no. 37104)

MARC details
000 -LEADER
fixed length control field 00888nam a22002417a 4500
005 - DATE AND TIME OF LATEST TRANSACTION
control field 2010072003513.0
008 - FIXED-LENGTH DATA ELEMENTS--GENERAL INFORMATION
fixed length control field 100720t xxu||||| |||| 00| 0 eng d
010 ## - LCCN (DPL NO)
LC control number ENG-96429
020 ## - INTERNATIONAL STANDARD BOOK NUMBER
International Standard Book Number 9789380032443
Terms of availability 250.00
035 ## - SYSTEM CONTROL NUMBER
System control number EN-79962
037 ## - SOURCE OF ACQUISITION
Source of stock number/acquisition Westland
040 ## - CATALOGING SOURCE
Original cataloging agency DPL
Language of cataloging ENG
082 ## - DEWEY DECIMAL CLASSIFICATION NUMBER
Classification number 880
100 ## - MAIN ENTRY--PERSONAL NAME
Personal name Zaidi,Annie
9 (RLIN) 3634
245 ## - TITLE STATEMENT
Title Known turf :
Statement of responsibility, etc by Annie Zaidi
Remainder of title bantering with bandits and other true tales /
260 ## - PUBLICATION, DISTRIBUTION, ETC. (IMPRINT)
Place of publication, distribution, etc Chennai
Name of publisher, distributor, etc Tranquebar Press
Date of publication, distribution, etc 2010
270 ## - ADDRESS
Address Venkat Towers, 165, P.H. Road, Opp. Maduravoyal Municipal Officer,
City Chennai
Postal code 600095
300 ## - PHYSICAL DESCRIPTION
Extent viii,280 p.
Dimensions 20cm.(pbk)
650 ## - SUBJECT ADDED ENTRY--TOPICAL TERM
Topical term or geographic name as entry element Reportage literature.
9 (RLIN) 3635
650 ## - SUBJECT ADDED ENTRY--TOPICAL TERM
Topical term or geographic name as entry element Social problems
General subdivision India.
9 (RLIN) 3636
942 ## - ADDED ENTRY ELEMENTS (KOHA)
Source of classification or shelving scheme Dewey Decimal Classification
Item type English Books
Call number suffix ZAI
Classification part 880
Holdings
Withdrawn status Lost status Source of classification or shelving scheme Damaged status Not for loan Collection code Home library Current library Date acquired Source of acquisition Cost, normal purchase price Total Checkouts Full call number Barcode Date last seen Copy number Cost, replacement price Koha item type
    Dewey Decimal Classification   Not For Loan Non-fiction D.B.Act.Division D.B.Act.Division 20/07/2010 DBAD/PUB 250.00   880 ZAI EN-79962 20/07/2010 1 250.00 English Books

© Delhi Public Library
Hit Counter
free hit counter